[Event "IX. Rhein-Main-Open"]
[Site "Bad Homburg"]
[Date "2006.06.14"]
[Round "1.33"]
[White "Lesic, Ivan"]
[Black "Eidelmann, Vova"]
[Result "0-1"]
[WhiteElo "1479"]
[BlackElo "2055"]
[PlyCount "104"]
[EventDate "2006.??.??"]

1. e4 c5 2. Nf3 d6 3. d4 cxd4 4. Nxd4 Nf6 5. Nc3 a6 6. h3 e6 7. Be2 Be7 8. O-O
O-O 9. Be3 b5 10. a3 Bb7 11. Bf3 Qc7 12. Qe1 Nbd7 13. Bd2 Ne5 14. b3 d5 15.
exd5 Nxf3+ 16. Nxf3 Nxd5 17. Nd4 Bf6 18. Nce2 e5 19. Nf5 Rad8 20. Ne3 Nxe3 21.
fxe3 Qxc2 22. Bb4 Qe4 23. Qg3 Bh4 24. Qf3 Qxf3 25. gxf3 Rfe8 26. Bc5 f5 27. b4
Rd2 28. Nc1 Re6 29. Ra2 Rg6+ 30. Kh1 Rxa2 31. Nxa2 Rg3 32. Kh2 Rxf3 33. Rxf3
Bxf3 34. Nc1 Kf7 35. Nb3 Bd5 36. Nd2 Ke6 37. Kg1 Be1 38. Nf1 Bc3 39. Kf2 Bb2
40. Ng3 g6 41. h4 Bxa3 42. Ke2 a5 43. Kd3 Bxb4 44. Bb6 a4 45. Kc2 a3 46. Ne2
Be1 47. Kb1 b4 48. Bc5 Bc4 49. Nc1 Kd5 50. Bf8 f4 51. exf4 exf4 52. Bh6 f3 0-1

[Event "IX. Rhein-Main-Open"]
[Site "Bad Homburg"]
[Date "2006.06.14"]
[Round "1.34"]
[White "Hillgaertner, Walter"]
[Black "Feigl, Gerold"]
[Result "1-0"]
[WhiteElo "2055"]
[BlackElo "1452"]
[PlyCount "153"]
[EventDate "2006.??.??"]

1. d4 d5 2. Bf4 c6 3. c3 Qb6 4. Qb3 Nd7 5. Nd2 Ngf6 6. h3 e6 7. e3 Be7 8. Bd3
Qxb3 9. axb3 b5 10. Ngf3 Bb7 11. O-O Nb6 12. Rfc1 a6 13. Bc7 Bd8 14. Bxd8 Kxd8
15. b4 Ke7 16. Ne5 Nfd7 17. Nxd7 Kxd7 18. Nb3 Kc7 19. Nc5 Nd7 20. Nb3 f5 21.
Nd2 Kd6 22. Nf3 h6 23. b3 g6 24. c4 Rhf8 25. cxb5 axb5 26. Ra5 Rxa5 27. bxa5 g5
28. b4 e5 29. Nd2 e4 30. Be2 Ba6 31. Nb3 Kc7 32. Kh2 Kb7 33. Rf1 Kc7 34. Kg3
Kd6 35. Kh2 Bc8 36. Kg1 Nb8 37. Nc5 Na6 38. Nxa6 Bxa6 39. Rc1 f4 40. Rf1 Rf6
41. Kh2 Rf8 42. Kg1 Bc8 43. Ra1 Ba6 44. Bg4 Kc7 45. Ra3 Kd6 46. Rc3 Rf6 47. f3
fxe3 48. Rxe3 exf3 49. Bxf3 Bc8 50. Re8 Kc7 51. Kf2 Bf5 52. Ke3 Kb7 53. Re7+
Ka6 54. Be2 Be4 55. g3 Bf5 56. h4 gxh4 57. gxh4 Bh3 58. Bf3 Bc8 59. Rg7 Re6+
60. Kf2 Rf6 61. h5 Bf5 62. Kg3 Bc2 63. Bg4 Bf5 64. Rc7 Bxg4 65. Kxg4 Re6 66.
Kf5 Re4 67. Rxc6+ Ka7 68. Rxh6 Rxd4 69. Ke5 Rxb4 70. Kxd5 Ra4 71. a6 Ra1 72.
Kc5 Rb1 73. Rg6 b4 74. Kb5 Rh1 75. Rg7+ Ka8 76. Kb6 Rxh5 77. Rg8# 1-0

[Event "IX. Rhein-Main-Open"]
[Site "Bad Homburg"]
[Date "2006.06.14"]
[Round "1.35"]
[White "Dages, Rolf Hermann"]
[Black "Foermes, Alexander"]
[Result "0-1"]
[WhiteElo "1445"]
[BlackElo "2054"]
[PlyCount "82"]
[EventDate "2006.??.??"]

1. f4 c5 2. Nf3 g6 3. e4 Bg7 4. Bc4 Nc6 5. O-O e6 6. c3 Nge7 7. d4 cxd4 8. cxd4
d5 9. exd5 exd5 10. Bb5 O-O 11. Ne5 Qb6 12. Bxc6 Nxc6 13. Nc3 Rd8 14. Ne2 Nxe5
15. fxe5 Bxe5 16. Kh1 Bg7 17. h3 Bd7 18. a4 Rac8 19. b3 Re8 20. a5 Qe6 21. Ng1
Bb5 22. Rf4 Qe1 23. Ba3 Qxd1 24. Rxd1 b6 25. Rd2 Bh6 26. Rff2 Bxd2 27. Rxd2 Rc3
28. Rb2 bxa5 29. Bc5 Ree3 30. b4 a4 31. Bxa7 a3 32. Ra2 Rc1 33. Kh2 Bc4 34.
Rxa3 Rxa3 35. Bc5 Ra2 36. Nf3 Rcc2 37. Kg3 Rxg2+ 38. Kh4 f6 39. Ne1 Kg7 40. Nf3
g5+ 41. Kh5 Be2 0-1

[Event "IX. Rhein-Main-Open"]
[Site "Bad Homburg"]
[Date "2006.06.14"]
[Round "1.36"]
[White "Hilbenz, Guntram"]
[Black "Witt, Holger"]
[Result "1/2-1/2"]
[WhiteElo "2053"]
[BlackElo "1438"]
[PlyCount "51"]
[EventDate "2006.??.??"]

1. c4 Nf6 2. Nf3 c5 3. g3 b6 4. Bg2 Bb7 5. O-O e6 6. d4 cxd4 7. Qxd4 Nc6 8. Qd1
Be7 9. Nc3 O-O 10. b3 a6 11. Bb2 Qc7 12. Rc1 d6 13. Qc2 Rfd8 14. Rfd1 Rd7 15.
Rd2 Rad8 16. Rcd1 d5 17. cxd5 Nb4 18. Qb1 Nbxd5 19. Nxd5 Rxd5 20. Rxd5 Rxd5 21.
Rxd5 Bxd5 22. Ng5 g6 23. Qa1 Qd8 24. e4 Ba8 25. e5 Ng4 26. Bxa8 1/2-1/2

[Event "IX. Rhein-Main-Open"]
[Site "Bad Homburg"]
[Date "2006.06.14"]
[Round "1.37"]
[White "Plötz, Hans-Jürgen"]
[Black "Reimer, Otto"]
[Result "0-1"]
[WhiteElo "1442"]
[BlackElo "2047"]
[PlyCount "42"]
[EventDate "2006.??.??"]

1. d4 Nf6 2. Nf3 g6 3. Bf4 Bg7 4. e3 d6 5. c4 Nh5 6. Bg3 O-O 7. Be2 c5 8. Nc3
cxd4 9. Nxd4 Nf6 10. O-O Nc6 11. Rc1 Bd7 12. Bf3 Rc8 13. a3 a6 14. b4 Nxd4 15.
Qxd4 Bc6 16. Bxc6 Rxc6 17. Ne2 Qc8 18. b5 Rc5 19. a4 Qf5 20. Qc3 Ne4 21. Nd4
Nxc3 0-1

[Event "IX. Rhein-Main-Open"]
[Site "Bad Homburg"]
[Date "2006.06.14"]
[Round "1.38"]
[White "Libuda, Thomas"]
[Black "Krüger, Jens"]
[Result "1-0"]
[WhiteElo "2026"]
[BlackElo "1413"]
[PlyCount "65"]
[EventDate "2006.??.??"]

1. d4 Nf6 2. Nf3 g6 3. e3 Bg7 4. c4 O-O 5. b4 b6 6. Nc3 d6 7. a4 a6 8. Qb3 c5
9. d5 cxb4 10. Qxb4 a5 11. Qb3 Na6 12. Rb1 Rb8 13. Ba3 Bf5 14. Rd1 Ne4 15. Nxe4
Bxe4 16. Nd4 Qd7 17. f3 Nc5 18. Qb5 Bxd4 19. exd4 Qxb5 20. axb5 Bc2 21. Rd2 Nb3
22. Rxc2 Nxd4 23. Rd2 Nf5 24. Bd3 Ng7 25. g4 Rbd8 26. h4 e5 27. Rf2 f5 28. h5
gxh5 29. gxf5 Nxf5 30. Rxh5 Nd4 31. Rg2+ Kf7 32. Rxh7+ Ke8 33. Bg6+ 1-0

[Event "IX. Rhein-Main-Open"]
[Site "Bad Homburg"]
[Date "2006.06.14"]
[Round "1.39"]
[White "Peter, Falco"]
[Black "Fußnecker, Manfred"]
[Result "1-0"]
[WhiteElo "1380"]
[BlackElo "2025"]
[PlyCount "56"]
[EventDate "2006.??.??"]

1. b4 e5 2. Bb2 d6 3. c4 f5 4. b5 Be6 5. e3 Nf6 6. d4 Nbd7 7. Nd2 Be7 8. Ngf3
e4 9. Ng5 Bg8 10. d5 Ne5 11. Qc2 Nfd7 12. Ngxe4 fxe4 13. Nxe4 Bf6 14. Nxf6+
Nxf6 15. Be2 Bf7 16. f4 Ned7 17. g4 O-O 18. O-O-O Nc5 19. h4 Qe7 20. Rh3 a6 21.
h5 axb5 22. g5 Nxh5 23. Bxh5 Bxh5 24. Rxh5 Qxe3+ 25. Kb1 g6 26. Rxh7 Qe4 27.
Rg7+ Kh8 28. Qxe4 Nxe4 1-0

[Event "IX. Rhein-Main-Open"]
[Site "Bad Homburg"]
[Date "2006.06.14"]
[Round "1.40"]
[White "Diez, Gerhard"]
[Black "Ehling, Dieter"]
[Result "1-0"]
[WhiteElo "2014"]
[BlackElo "1310"]
[PlyCount "65"]
[EventDate "2006.??.??"]

1. e4 c6 2. d4 d5 3. exd5 cxd5 4. c4 Nf6 5. Nc3 e6 6. Nf3 Be7 7. cxd5 Nxd5 8.
Bd3 O-O 9. O-O Nc6 10. a3 a6 11. Re1 Nf6 12. Bg5 b5 13. Bc2 Re8 14. Ne4 Bb7 15.
Qd3 g6 16. Nc5 Qc7 17. Bb3 Na5 18. Ba2 Bd5 19. Ne5 Bxa2 20. Rxa2 Nd5 21. Bxe7
Rxe7 22. b4 Nc6 23. Rd2 Nxe5 24. dxe5 Qc6 25. Ne4 Rc8 26. Qf3 Rec7 27. h4 Kh8
28. Kh2 Rf8 29. Nf6 Nxf6 30. Qxf6+ Kg8 31. h5 gxh5 32. Re3 Rd8 33. Rxd8+ 1-0

[Event "IX. Rhein-Main-Open"]
[Site "Bad Homburg"]
[Date "2006.06.14"]
[Round "1.41"]
[White "Kempf, Jürgen"]
[Black "Biegel, Thomas"]
[Result "0-1"]
[WhiteElo "1114"]
[BlackElo "1999"]
[PlyCount "52"]
[EventDate "2006.??.??"]

1. c4 c6 2. Nc3 d5 3. Nf3 dxc4 4. g3 Nf6 5. Bg2 Nbd7 6. O-O e5 7. d3 cxd3 8.
exd3 Bc5 9. d4 exd4 10. Re1+ Be7 11. Nxd4 O-O 12. Bf4 Nc5 13. Nxc6 bxc6 14.
Qxd8 Bxd8 15. Bd6 Bb6 16. Bxf8 Kxf8 17. Bxc6 Bb7 18. Ba4 Nd3 19. Re2 Ng4 20.
Nd1 Rd8 21. Re8+ Rxe8 22. Bxe8 Kxe8 23. Kf1 Ndxf2 24. Nxf2 Nxf2 25. Re1+ Ne4
26. Kg2 Ke7 0-1

[Event "IX. Rhein-Main-Open"]
[Site "Bad Homburg"]
[Date "2006.06.14"]
[Round "1.42"]
[White "Müller, Pascal"]
[Black "Zellmann, Erwant"]
[Result "1-0"]
[WhiteElo "1999"]
[BlackElo "995"]
[PlyCount "37"]
[EventDate "2006.??.??"]

1. e4 c5 2. c3 d6 3. d4 cxd4 4. cxd4 Nf6 5. Nc3 a6 6. Nf3 e6 7. Bd3 Nc6 8. Bg5
Be7 9. a3 O-O 10. h4 Qb6 11. e5 dxe5 12. dxe5 Nd7 13. Bxh7+ Kxh7 14. Be3 Qxb2
15. Na4 Qb5 16. Ng5+ Kg8 17. Qh5 Bxg5 18. hxg5 Qa5+ 19. Kf1 1-0

[Event "IX. Rhein-Main-Open"]
[Site "Bad Homburg"]
[Date "2006.06.14"]
[Round "1.43"]
[White "Kießling, Robert"]
[Black "Lanz, Udo"]
[Result "0-1"]
[WhiteElo "791"]
[BlackElo "1985"]
[PlyCount "90"]
[EventDate "2006.??.??"]

1. e4 e5 2. Bc4 Bc5 3. Nf3 d6 4. O-O Nc6 5. Nc3 Bg4 6. d3 Nd4 7. Bg5 Bxf3 8.
Bxd8 Bxd1 9. Bxc7 Bg4 10. a3 a5 11. Nd5 Nf6 12. c3 Ne2+ 13. Kh1 Nxd5 14. Bxd5
Kd7 15. b4 Kxc7 16. bxc5 dxc5 17. c4 Be6 18. Bxb7 Kxb7 19. Rab1+ Kc6 20. Rb2
Nd4 21. Rfb1 Ra7 22. Rb6+ Kc7 23. g3 a4 24. f4 Nb3 25. Rb5 Bd7 26. R5xb3 axb3
27. Rxb3 exf4 28. gxf4 Rb8 29. Rxb8 Kxb8 30. Kg1 Rxa3 31. Kf2 Rxd3 32. Ke2 Rh3
33. e5 Rxh2+ 34. Ke3 Bf5 35. Kf3 Rh3+ 36. Kf2 h5 37. Kg2 h4 38. Kf2 Rg3 39. Ke2
h3 40. Kf2 Rg4 41. Ke3 h2 42. Kd2 h1=Q 43. Ke2 Qh3 44. Kd2 Rg2+ 45. Kd1 Qh1#
0-1

[Event "IX. Rhein-Main-Open"]
[Site "Bad Homburg"]
[Date "2006.06.14"]
[Round "1.48"]
[White "Feigl, Markus"]
[Black "Huss, Rolf"]
[Result "1/2-1/2"]
[WhiteElo "1751"]
[BlackElo "2112"]
[PlyCount "108"]
[EventDate "2006.??.??"]

1. e4 Nf6 2. Nc3 d5 3. e5 Ne4 4. Qf3 Nxc3 5. bxc3 c5 6. Bb5+ Nc6 7. Ne2 g6 8.
O-O Bf5 9. d3 Bg7 10. Qg3 O-O 11. Bxc6 bxc6 12. Bf4 Rb8 13. Qe3 Qa5 14. Qc1
Rfe8 15. h3 Rb7 16. a4 f6 17. d4 cxd4 18. cxd4 Qb4 19. c3 Qc4 20. Re1 Bd3 21.
Qd2 fxe5 22. Bxe5 Bxe5 23. dxe5 Reb8 24. Nd4 Rb1 25. Raxb1 Rxb1 26. Rxb1 Bxb1
27. Qb2 Bf5 28. Qb8+ Kf7 29. Qh8 Qxc3 30. Qxh7+ Ke8 31. Qh8+ Kd7 32. e6+ Bxe6
33. Qe5 Bf7 34. Nf3 Qxe5 35. Nxe5+ Ke6 36. Nxc6 Be8 37. Nd4+ Ke5 38. Nf3+ Kd6
39. a5 e5 40. Kf1 d4 41. Ke2 Kd5 42. Kd2 e4 43. Ng5 Bc6 44. h4 Ke5 45. g3 Bd5
46. Nh3 Be6 47. Nf4 Bf5 48. Ne2 Kd5 49. Nf4+ Kc4 50. g4 Bxg4 51. Nxg6 Kd5 52.
h5 Bxh5 53. Nf4+ Kc4 54. Nxh5 e3+ 1/2-1/2

[Event "IX. Rhein-Main-Open"]
[Site "Bad Homburg"]
[Date "2006.06.15"]
[Round "2.1"]
[White "Mayer, Frank"]
[Black "Khenkin, Igor"]
[Result "0-1"]
[WhiteElo "2078"]
[BlackElo "2602"]
[PlyCount "38"]
[EventDate "2006.??.??"]

1. e4 c6 2. d4 d5 3. f3 e6 4. Be3 Qb6 5. Qc1 c5 6. c3 Nc6 7. Ne2 Nf6 8. e5 Nd7
9. f4 f6 10. g3 cxd4 11. cxd4 Bb4+ 12. Kf2 fxe5 13. fxe5 O-O+ 14. Kg2 Ndxe5 15.
dxe5 d4 16. Bf4 Bd7 17. Na3 Bxa3 18. bxa3 d3 19. Nc3 Nxe5 0-1

[Event "IX. Rhein-Main-Open"]
[Site "Bad Homburg"]
[Date "2006.06.15"]
[Round "2.2"]
[White "Milov, Leonid"]
[Black "Göbel, Andreas"]
[Result "1-0"]
[WhiteElo "2504"]
[BlackElo "2073"]
[PlyCount "41"]
[EventDate "2006.??.??"]

1. e4 c5 2. Nf3 d6 3. d4 cxd4 4. Nxd4 Nf6 5. Nc3 g6 6. Be3 Bg7 7. f3 O-O 8. Qd2
Nc6 9. O-O-O Nxd4 10. Bxd4 Be6 11. Kb1 Qc7 12. h4 Rfc8 13. h5 Qa5 14. hxg6 hxg6
15. a3 Rab8 16. Bd3 b5 17. Qg5 Nh7 18. Rxh7 Bxd4 19. Rdh1 Rc5 20. e5 Bxe5 21.
Qh6 1-0

[Event "IX. Rhein-Main-Open"]
[Site "Bad Homburg"]
[Date "2006.06.15"]
[Round "2.3"]
[White "Ahrends, Norbert"]
[Black "Donchenko, Anatoli"]
[Result "0-1"]
[WhiteElo "2065"]
[BlackElo "2434"]
[PlyCount "88"]
[EventDate "2006.??.??"]

1. d4 d5 2. c4 dxc4 3. e3 a6 4. Bxc4 e6 5. Nf3 Nf6 6. O-O c5 7. a4 Nc6 8. Nc3
Bd6 9. dxc5 Bxc5 10. Qxd8+ Kxd8 11. Bd2 Ke7 12. Rfd1 Rd8 13. Be1 Rxd1 14. Rxd1
Bd7 15. Bd3 Bb4 16. Ne4 Bxe1 17. Nxe1 Nb4 18. Nxf6 Bxa4 19. Ra1 Nxd3 20. Nxd3
Bb5 21. Nc5 b6 22. Nfe4 bxc5 23. Nxc5 a5 24. f3 g5 25. Ne4 h6 26. Rc1 Bd7 27.
Rc7 f5 28. Nf6 Kxf6 29. Rxd7 Rb8 30. Rd2 h5 31. g3 Rb4 32. f4 g4 33. Kf1 Ke7
34. Ke1 Rb8 35. Kd1 h4 36. Kc2 h3 37. Rd3 Rb5 38. Rd4 Rc5+ 39. Kd2 e5 40. fxe5
Ke6 41. Kd3 Rc1 42. e4 Rd1+ 43. Ke3 Rxd4 44. exf5+ Kxe5 0-1

[Event "IX. Rhein-Main-Open"]
[Site "Bad Homburg"]
[Date "2006.06.15"]
[Round "2.4"]
[White "Drabke, Lorenz Maximilian"]
[Black "Lebermann, Hellmuth"]
[Result "1-0"]
[WhiteElo "2393"]
[BlackElo "2063"]
[PlyCount "43"]
[EventDate "2006.??.??"]

1. e4 c5 2. Nc3 e6 3. g3 Nc6 4. Bg2 Nf6 5. Nge2 a6 6. O-O Be7 7. d4 cxd4 8.
Nxd4 Qc7 9. Re1 d6 10. Nxc6 bxc6 11. e5 dxe5 12. Rxe5 O-O 13. Bf4 Qb7 14. Na4
Rd8 15. Qf3 Nd5 16. Bd2 Bd6 17. Re2 a5 18. c4 Ne7 19. Be3 Ra6 20. Rd1 Qb4 21.
Bc5 Qxa4 22. b3 1-0

[Event "IX. Rhein-Main-Open"]
[Site "Bad Homburg"]
[Date "2006.06.15"]
[Round "2.5"]
[White "Eidelmann, Vova"]
[Black "Klundt, Klaus"]
[Result "0-1"]
[WhiteElo "2055"]
[BlackElo "2392"]
[PlyCount "78"]
[EventDate "2006.??.??"]

1. c4 Nf6 2. Nc3 g6 3. Nf3 Bg7 4. g3 O-O 5. Bg2 d6 6. b3 Nc6 7. Bb2 e5 8. O-O
Re8 9. d3 Nd4 10. e3 Nxf3+ 11. Bxf3 c6 12. Ne4 Bh3 13. Re1 d5 14. cxd5 cxd5 15.
Nxf6+ Bxf6 16. Bg4 Bxg4 17. Qxg4 Qa5 18. Red1 Rac8 19. Qd7 Red8 20. Qa4 Qxa4
21. bxa4 Rc2 22. Rab1 Rd6 23. Ba3 Rdc6 24. Rxb7 h5 25. Rxa7 h4 26. Kg2 Bg5 27.
Re1 Rf6 28. Rf1 Bxe3 29. Ra8+ Kh7 30. Be7 Rfxf2+ 31. Rxf2 Rxf2+ 32. Kh3 f5 33.
Bf6 g5 34. Bxg5 Bxg5 35. Ra5 hxg3 36. hxg3 e4 37. Rxd5 e3 38. Re5 e2 39. a5 Bd2
0-1

[Event "IX. Rhein-Main-Open"]
[Site "Bad Homburg"]
[Date "2006.06.15"]
[Round "2.6"]
[White "Bakhmatov, Eduard"]
[Black "Hillgaertner, Walter"]
[Result "1/2-1/2"]
[WhiteElo "2341"]
[BlackElo "2055"]
[PlyCount "124"]
[EventDate "2006.??.??"]

1. e4 c5 2. Nf3 Nc6 3. d4 cxd4 4. Nxd4 g6 5. Nc3 Bg7 6. Be3 Nf6 7. Bc4 Qa5 8.
O-O O-O 9. Bb3 d6 10. h3 Bd7 11. f4 Nxd4 12. Bxd4 Bc6 13. Qe1 Qb4 14. Bxf6 Bxf6
15. Nd5 Qc5+ 16. Kh1 Bxd5 17. Bxd5 Rab8 18. c3 b5 19. Rd1 b4 20. cxb4 Qxb4 21.
b3 a5 22. Qe2 Bg7 23. Bc4 a4 24. bxa4 Qxa4 25. Bb3 Qb4 26. Rd3 Qc5 27. Rfd1
Rbc8 28. Qg4 Kh8 29. Qe2 Qb6 30. Rd5 Qb4 31. Rb5 Qc3 32. Rb7 Rc7 33. Rxc7 Qxc7
34. Qc4 Qa7 35. Qe2 Qc5 36. g3 Qc3 37. Kg2 Bf6 38. Qd3 Qb2+ 39. Rd2 Qa1 40. Qc2
Qe1 41. Re2 Qa5 42. Qc6 Kg7 43. h4 Qh5 44. Rd2 Qa5 45. Qd5 Qc3 46. Re2 Bd4 47.
Qc4 Qa1 48. Rd2 Qg1+ 49. Kh3 e5 50. Rd1 Qf2 51. Rf1 Qe3 52. fxe5 Bxe5 53. Rxf7+
Kh6 54. Kg2 Qxg3+ 55. Kf1 Qh3+ 56. Ke2 Rxf7 57. Qxf7 Qxh4 58. Qf3 Qe7 59. a4
Kg7 60. Bd5 Qa7 61. Qb3 Qg1 62. Qb7+ Kh6 1/2-1/2

[Event "IX. Rhein-Main-Open"]
[Site "Bad Homburg"]
[Date "2006.06.15"]
[Round "2.7"]
[White "Foermes, Alexander"]
[Black "Malek, Daniel"]
[Result "0-1"]
[WhiteElo "2054"]
[BlackElo "2322"]
[PlyCount "78"]
[EventDate "2006.??.??"]

1. c4 Nf6 2. Nf3 e6 3. g3 d5 4. b3 Be7 5. Bg2 O-O 6. Bb2 c5 7. O-O Nc6 8. e3 d4
9. exd4 cxd4 10. Re1 Ne8 11. d3 f6 12. Na3 e5 13. Nc2 Nc7 14. a3 a5 15. Qe2 Re8
16. Rab1 Rb8 17. Ba1 Bf8 18. b4 axb4 19. Nxb4 Nxb4 20. axb4 b5 21. c5 Be6 22.
Nd2 Nd5 23. Rec1 Ra8 24. Qe1 Ra4 25. Nf3 Qd7 26. Qd2 Rea8 27. Ne1 Ra2 28. Nc2
g6 29. Bb2 R8a4 30. Re1 h5 31. Re2 Kh7 32. Qe1 Bg4 33. f3 Bf5 34. Qd2 Nc3 35.
Bxc3 dxc3 36. Qxc3 Qxd3 37. Qxd3 Bxd3 38. Rd2 Bxc2 39. Rc1 Bf5 0-1

[Event "IX. Rhein-Main-Open"]
[Site "Bad Homburg"]
[Date "2006.06.15"]
[Round "2.8"]
[White "Isserman, Ryhor"]
[Black "Libuda, Thomas"]
[Result "1-0"]
[WhiteElo "2309"]
[BlackElo "2026"]
[PlyCount "43"]
[EventDate "2006.??.??"]

1. e4 g6 2. d4 Bg7 3. Nc3 d6 4. f4 c5 5. dxc5 Qa5 6. cxd6 Bxc3+ 7. bxc3 Qxc3+
8. Bd2 Qc6 9. Bd3 Qxd6 10. Nf3 Nc6 11. O-O Qc5+ 12. Kh1 Nf6 13. Rb1 Ng4 14. Qe1
a6 15. f5 b5 16. Qh4 Nce5 17. Ng5 Nxd3 18. cxd3 h5 19. Bb4 Qc7 20. Rbc1 Qd8 21.
fxg6 Ra7 22. Nxf7 1-0

[Event "IX. Rhein-Main-Open"]
[Site "Bad Homburg"]
[Date "2006.06.15"]
[Round "2.9"]
[White "Reimer, Otto"]
[Black "Lisanti, Andre"]
[Result "0-1"]
[WhiteElo "2047"]
[BlackElo "2295"]
[PlyCount "80"]
[EventDate "2006.??.??"]

1. e4 c5 2. Nf3 d6 3. d4 cxd4 4. Nxd4 Nf6 5. Nc3 a6 6. Be2 e5 7. Nb3 Be7 8. Be3
Qc7 9. f3 Nbd7 10. Qd2 h5 11. O-O-O b5 12. g4 hxg4 13. fxg4 Bb7 14. Bf3 Nb6 15.
Na5 b4 16. Ne2 Rc8 17. Bxb6 Qxb6 18. Nxb7 Qxb7 19. Ng3 g6 20. h4 b3 21. axb3
Qxb3 22. c3 Nd7 23. Kb1 Nc5 24. Rc1 Rb8 25. Bd1 Qb7 26. Qe2 Rxh4 27. Rxh4 Bxh4
28. Nf1 Bg5 29. Rc2 Ke7 30. Ng3 Bf4 31. Nf5+ gxf5 32. gxf5 Qxe4 33. Qg4 Rh8 34.
Bf3 Qd3 35. b4 Na4 36. Qg7 Nxc3+ 37. Kb2 Na4+ 38. Kb1 Qb3+ 39. Ka1 Qa3+ 40. Kb1
Qxb4+ 0-1

[Event "IX. Rhein-Main-Open"]
[Site "Bad Homburg"]
[Date "2006.06.15"]
[Round "2.10"]
[White "Feldtmann, Thomas"]
[Black "Diez, Gerhard"]
[Result "1-0"]
[WhiteElo "2283"]
[BlackElo "2014"]
[PlyCount "43"]
[EventDate "2006.??.??"]

1. c4 Nf6 2. Nc3 e5 3. Nf3 Nc6 4. e3 Bb4 5. Qc2 O-O 6. Nd5 Re8 7. Qf5 d6 8.
Nxf6+ Qxf6 9. Qxf6 gxf6 10. a3 Bc5 11. b4 Bb6 12. Bb2 e4 13. Ng1 Ne5 14. f4 Nd7
15. Ne2 c6 16. g4 Bd8 17. Ng3 Nf8 18. Nh5 f5 19. gxf5 Bh4+ 20. Kd1 Bxf5 21.
Rg1+ Ng6 22. Ng7 1-0

[Event "IX. Rhein-Main-Open"]
[Site "Bad Homburg"]
[Date "2006.06.15"]
[Round "2.11"]
[White "Biegel, Thomas"]
[Black "Uwira, Oliver"]
[Result "1-0"]
[WhiteElo "1999"]
[BlackElo "2256"]
[PlyCount "95"]
[EventDate "2006.??.??"]

1. Nf3 d5 2. b3 c5 3. e3 Nf6 4. Bb2 a6 5. d4 cxd4 6. exd4 Bg4 7. Be2 e6 8. O-O
Bd6 9. Nbd2 Nc6 10. Ne5 Bxe2 11. Qxe2 Rc8 12. Ndf3 O-O 13. c4 dxc4 14. Nxc6
Rxc6 15. bxc4 b5 16. Ne5 Rc8 17. cxb5 axb5 18. Qxb5 Nd5 19. Rfc1 Rb8 20. Qe2
Nf4 21. Qc2 Bxe5 22. dxe5 Qd5 23. f3 Nd3 24. Rd1 Rfd8 25. Rac1 h6 26. Ba1 Qd7
27. Qc7 Qe8 28. Rc3 Rbc8 29. Qa5 Rxc3 30. Qxc3 Qb5 31. h3 Rd5 32. Kh2 Nf4 33.
Rxd5 Nxd5 34. Qc8+ Kh7 35. Qc2+ g6 36. Bd4 Qf1 37. a4 Nf4 38. Qf2 Qc4 39. a5
Ne2 40. Bb6 h5 41. Qe3 h4 42. Qe4 Qa2 43. Qxh4+ Kg8 44. Qd8+ Kg7 45. Bc5 Qa4
46. Qf8+ Kh7 47. Qxf7+ Kh6 48. Bf8+ 1-0

[Event "IX. Rhein-Main-Open"]
[Site "Bad Homburg"]
[Date "2006.06.15"]
[Round "2.12"]
[White "Brustkern, Jürgen"]
[Black "Müller, Pascal"]
[Result "1-0"]
[WhiteElo "2242"]
[BlackElo "1999"]
[PlyCount "27"]
[EventDate "2006.??.??"]

1. e4 d5 2. exd5 Nf6 3. d4 Bg4 4. Be2 Bxe2 5. Qxe2 Qxd5 6. Nf3 Nc6 7. c4 Qf5 8.
O-O O-O-O 9. d5 Nb4 10. Nc3 g5 11. Bxg5 Rg8 12. Bh4 Nd3 13. Bg3 e5 14. Nh4 1-0

[Event "IX. Rhein-Main-Open"]
[Site "Bad Homburg"]
[Date "2006.06.15"]
[Round "2.13"]
[White "Lanz, Udo"]
[Black "Weise, Martin"]
[Result "0-1"]
[WhiteElo "1985"]
[BlackElo "2175"]
[PlyCount "76"]
[EventDate "2006.??.??"]

1. e4 e6 2. d4 d5 3. e5 c5 4. c3 Nc6 5. Nf3 Qb6 6. Bd3 cxd4 7. cxd4 Bd7 8. O-O
Nxd4 9. Nxd4 Qxd4 10. Nc3 a6 11. Qe2 Ne7 12. Kh1 Nc6 13. f4 Nb4 14. Rd1 Nxd3
15. Rxd3 Qb6 16. a4 Bc6 17. f5 O-O-O 18. Bf4 Kb8 19. b3 Bb4 20. Rad1 Ka8 21.
fxe6 fxe6 22. Be3 Bc5 23. Bxc5 Qxc5 24. Ne4 Qb4 25. Nd6 Rhf8 26. h3 Qh4 27. Rd4
Rf4 28. Qe3 Rdf8 29. Kh2 Qf2 30. Rxf4 Qxf4+ 31. Qxf4 Rxf4 32. Kg3 Rb4 33. Rf1
Rxb3+ 34. Kh2 a5 35. Rf8+ Ka7 36. Rf7 d4 37. Rxg7 d3 38. Nc4 Bd5 0-1

[Event "IX. Rhein-Main-Open"]
[Site "Bad Homburg"]
[Date "2006.06.15"]
[Round "2.14"]
[White "Kayser, Felix"]
[Black "Gutacker, Stephan"]
[Result "1-0"]
[WhiteElo "2164"]
[BlackElo "1982"]
[PlyCount "59"]
[EventDate "2006.??.??"]

1. e4 e5 2. f4 exf4 3. Nf3 Be7 4. Bc4 Bh4+ 5. Kf1 d6 6. d4 Nc6 7. Bxf4 Bg4 8.
c3 Nge7 9. Qb3 Na5 10. Qa4+ c6 11. Nxh4 b5 12. Bxb5 cxb5 13. Qxb5+ Bd7 14. Qe2
Rb8 15. b3 Nec6 16. Nf3 Qe7 17. Nbd2 O-O 18. Kf2 f5 19. exf5 Qxe2+ 20. Kxe2
Rbe8+ 21. Kf2 Bxf5 22. Bxd6 Rf6 23. Be5 Nxe5 24. dxe5 Rfe6 25. Rhe1 Nc6 26. Nd4
Nxe5 27. Nxe6 Nd3+ 28. Kg3 Nxe1 29. Rxe1 Bxe6 30. Nf3 1-0

[Event "IX. Rhein-Main-Open"]
[Site "Bad Homburg"]
[Date "2006.06.15"]
[Round "2.16"]
[White "Ewin, Hans-Peter"]
[Black "Gramlich, Sebastian"]
[Result "0-1"]
[WhiteElo "1976"]
[BlackElo "2122"]
[PlyCount "43"]
[EventDate "2006.??.??"]

1. e4 c5 2. b4 cxb4 3. a3 d5 4. exd5 Qxd5 5. Nf3 Bg4 6. Bb2 Bxf3 7. Qxf3 Qxf3
8. gxf3 Nc6 9. Bb5 bxa3 10. Rxa3 Nf6 11. c4 e6 12. Re3 O-O-O 13. Bxc6 bxc6 14.
Ke2 Nh5 15. Re4 Bd6 16. d4 f5 17. Re3 Kd7 18. Kd1 Rb8 19. Kc2 Rb4 20. Na3 Rhb8
21. Rb1 Bxh2 22. Ree1 0-1

[Event "IX. Rhein-Main-Open"]
[Site "Bad Homburg"]
[Date "2006.06.15"]
[Round "2.17"]
[White "Hüttemann, Ralf"]
[Black "Schell, Walter"]
[Result "1/2-1/2"]
[WhiteElo "1963"]
[BlackElo "2112"]
[PlyCount "78"]
[EventDate "2006.??.??"]

1. e4 e5 2. Nc3 Nf6 3. f4 d5 4. fxe5 Nxe4 5. Nf3 Be7 6. g3 Nc6 7. Bb5 O-O 8.
Ne2 Bg4 9. O-O Bxf3 10. Rxf3 Nxe5 11. Rf1 c6 12. Ba4 Nc5 13. d4 Nxa4 14. dxe5
Nc5 15. Kg2 f6 16. b4 Ne4 17. exf6 Bxf6 18. Rb1 Qd7 19. Qd3 Rae8 20. Be3 b6 21.
Rfd1 Nd6 22. Bf4 Be5 23. c4 dxc4 24. Qxc4+ Nxc4 25. Rxd7 Bxf4 26. Nxf4 Rf7 27.
Rd4 b5 28. a4 g5 29. axb5 cxb5 30. Nd3 Re2+ 31. Kh3 h5 32. Re1 g4+ 33. Kh4
Rxh2+ 34. Kg5 Rg7+ 35. Kf6 Rf7+ 36. Kg6 Rg7+ 37. Kf6 Rf7+ 38. Kg6 Rg7+ 39. Kf6
Rf7+ 1/2-1/2

[Event "IX. Rhein-Main-Open"]
[Site "Bad Homburg"]
[Date "2006.06.15"]
[Round "2.18"]
[White "Huss, Rolf"]
[Black "Braunberger, Gerald"]
[Result "1-0"]
[WhiteElo "2112"]
[BlackElo "1883"]
[PlyCount "49"]
[EventDate "2006.??.??"]

1. d4 Nf6 2. c4 c5 3. d5 b5 4. cxb5 a6 5. b6 d6 6. Nc3 Qxb6 7. e4 g6 8. a4 a5
9. Bb5+ Bd7 10. f4 Bxb5 11. axb5 Nfd7 12. Nf3 Bg7 13. Qe2 Qc7 14. O-O O-O 15.
Ra3 Nb6 16. e5 N8d7 17. e6 Bxc3 18. bxc3 Nxd5 19. exd7 Qxd7 20. c4 Nb6 21. Ng5
h6 22. Ne4 Qe6 23. f5 gxf5 24. Qh5 Kh7 25. Ng5+ 1-0

[Event "IX. Rhein-Main-Open"]
[Site "Bad Homburg"]
[Date "2006.06.15"]
[Round "2.19"]
[White "Niedenthal, Robert"]
[Black "Diehm, Alexander"]
[Result "0-1"]
[WhiteElo "1963"]
[BlackElo "2111"]
[PlyCount "98"]
[EventDate "2006.??.??"]

1. c4 b6 2. d4 f5 3. Nc3 e6 4. a3 Nf6 5. d5 e5 6. g3 Be7 7. Bg2 d6 8. Nh3 O-O
9. O-O a6 10. b4 Nh5 11. e3 Qe8 12. Bf3 Nf6 13. b5 h6 14. Bg2 Bd7 15. a4 Qf7
16. Bb2 Ng4 17. Qe2 Qg6 18. f3 Nf6 19. Kh1 Be8 20. e4 Nbd7 21. f4 Nc5 22. exf5
Qxf5 23. fxe5 Qxe5 24. Ne4 Qh5 25. Qxh5 Bxh5 26. Nxc5 bxc5 27. Nf4 Bf7 28. Rae1
Rfe8 29. Bh3 axb5 30. axb5 Ra4 31. Rc1 Ne4 32. Ne6 Bg5 33. Nxg5 Nxg5 34. Bf5
Rxc4 35. Rcd1 Re2 36. h4 Ne4 37. Bxe4 Rcxe4 38. Bc3 Bg6 39. Rfe1 R4e3 40. Rxe2
Rxe2 41. Kg1 Ra2 42. Rd2 Ra3 43. Bb2 Rxg3+ 44. Kf2 Rb3 45. Ke1 Rxb5 46. Rg2 h5
47. Kd1 c4 48. Kc1 Kh7 49. Rg5 Rb3 0-1